000 00640nam a2200253Ia 4500
003 OSt
005 20220925222919.0
006 a|||||r|||| 00| 0
007 ta
008 220923b |||||||| |||| 00| 0 eng d
020 _a0704326256
037 _cGeneral Book
040 _aRTL
_cRTL
_beng
041 _2eng
_aeng
082 _aY15, M7
100 _aAttallah Naim
_9288535
245 0 _aWomen
260 _aLondon
_bQuartet Books
_c1987
300 _ax,1153p
_ccm.
500 _aAppendix: P 1143-55
650 _aWoman Sociology
942 _hY15, M7
_cGB
_2CC
999 _c578114
_d578114